[Event "THE FAST & FURIOUS #3"]
[Site "SchemingMind.com"]
[Date "2015.04.07"]
[Round "-"]
[White "emvarela"]
[Black "Ramesh Panwar"]
[Result "0-1"]
[WhiteCountry "ARG"]
[BlackCountry "IND"]
[WhiteElo "1673"]
[WhiteRD "49"]
[BlackElo "2355"]
[BlackRD "54"]
[GameID "377820"]

1. e4 e5 2. Nf3 Nc6 3. Bb5 a6 4. Bxc6 dxc6 5. O-O Bd6 6. d4 exd4 7. Qxd4 f6 8. Nc3 Ne7 9. Rd1 Bg4 10. Rd3 Bxf3
11. gxf3 Ng6 12. Bd2 Ne5 13. Bf4 Nxd3 14. Bxd6 Nxb2 15. Ne2 Qxd6 16. Qxb2 O-O-O 17. Rb1 b6 18. Nc3 Qf4 19. Kg2 Rd2 20. Rd1 Rhd8
21. Rxd2 Rxd2 22. Qa3 Kb7 23. Qe7 Qe3
0-1

[Event "THE FAST & FURIOUS #3"]
[Site "SchemingMind.com"]
[Date "2015.04.07"]
[Round "-"]
[White "Ramesh Panwar"]
[Black "emvarela"]
[Result "1-0"]
[WhiteCountry "IND"]
[BlackCountry "ARG"]
[WhiteElo "2355"]
[WhiteRD "54"]
[BlackElo "1673"]
[BlackRD "49"]
[GameID "377821"]

1. d4 Nf6 2. c4 e6 3. Nc3 Bb4 4. Nf3 d5 5. e3 O-O 6. Be2 Bxc3+ 7. bxc3 c6 8. O-O dxc4 9. Bxc4 Nbd7 10. Qe2 Qa5
11. a4 Nb6 12. Bd3 Nbd5 13. Ba3 Re8 14. c4 Nb6 15. e4 Nbd7 16. e5 Nh5 17. Qe3 g6 18. Qh6 f6 19. g4 Ng7 20. h4 fxe5
21. h5 exd4 22. hxg6 Ne5 23. Qxh7#
1-0

[Event "THE FAST & FURIOUS #3"]
[Site "SchemingMind.com"]
[Date "2015.04.09"]
[Round "-"]
[White "jiego_101"]
[Black "Ramesh Panwar"]
[Result "0-1"]
[WhiteCountry "PHI"]
[BlackCountry "IND"]
[WhiteElo "1350"]
[WhiteRD "272"]
[BlackElo "2355"]
[BlackRD "54"]
[GameID "378215"]

1. d4 Nf6 2. c4 e6 3. Nc3 Bb4 4. e3 c5 5. Bd3 O-O 6. Nf3 Nc6 7. O-O d5 8. a3 Bxc3 9. bxc3 b6 10. cxd5 exd5
11. Ne5 Bb7 12. Nxc6 Bxc6 13. f3 Re8
0-1

[Event "THE FAST & FURIOUS #3"]
[Site "SchemingMind.com"]
[Date "2015.04.09"]
[Round "-"]
[White "Ramesh Panwar"]
[Black "jiego_101"]
[Result "1-0"]
[WhiteCountry "IND"]
[BlackCountry "PHI"]
[WhiteElo "2355"]
[WhiteRD "54"]
[BlackElo "1350"]
[BlackRD "272"]
[GameID "378216"]

1. e4 e5 2. Nf3 Nf6 3. Nxe5 d6 4. Nf3 Nxe4 5. d4 d5 6. Bd3 Nc6 7. O-O Be7 8. Re1 Bg4 9. c4 Nf6 10. Nc3 Bxf3
11. Qxf3 Nxd4 12. Qd1 Ne6 13. cxd5 Nxd5 14. Bb5+ c6 15. Nxd5 cxb5 16. a4 O-O 17. axb5
1-0

[Event "THE FAST & FURIOUS #3"]
[Site "SchemingMind.com"]
[Date "2015.04.13"]
[Round "-"]
[White "emvarela"]
[Black "Stephen Woodhouse"]
[Result "0-1"]
[WhiteCountry "ARG"]
[BlackCountry "ENG"]
[WhiteElo "1695"]
[WhiteRD "49"]
[BlackElo "1834"]
[BlackRD "49"]
[GameID "378394"]

1. e4 e6 2. d4 d5 3. Nc3 Nf6 4. Bg5 dxe4 5. Nxe4 Be7 6. Bxf6 Bxf6 7. Nxf6+ Qxf6 8. c3 O-O 9. Qf3 Nd7 10. Bd3 Rd8
11. Qxf6 Nxf6 12. Nf3 b6 13. O-O Bb7 14. Ne5 c5 15. dxc5 bxc5 16. Rad1 Kf8 17. Be2 Ke7 18. Rxd8 Rxd8 19. Rd1 Rxd1+ 20. Bxd1 Nd7
21. Nxd7 Kxd7 22. f3 Kd6 23. Kf2 e5 24. Ke3 f5 25. g4 f4+ 26. Kd3 Bd5 27. c4 Bb7 28. h4 Ke6 29. Ke2 e4 30. fxe4 Bxe4
31. b3 Ke5 32. Kf2 Kd4 33. Bf3 Bb1 34. a3 a5 35. Bd5 Ba2 36. Kf3 Bxb3 37. Kxf4 Bxc4
0-1

[Event "THE FAST & FURIOUS #3"]
[Site "SchemingMind.com"]
[Date "2015.04.13"]
[Round "-"]
[White "Stephen Woodhouse"]
[Black "emvarela"]
[Result "1-0"]
[WhiteCountry "ENG"]
[BlackCountry "ARG"]
[WhiteElo "1879"]
[WhiteRD "50"]
[BlackElo "1673"]
[BlackRD "49"]
[GameID "378395"]

1. e4 e5 2. Nf3 Nc6 3. d4 exd4 4. Nxd4 Nxd4 5. Qxd4 Nf6 6. Nc3 d6 7. Bg5 Be7 8. O-O-O h6 9. Bh4 O-O 10. Bc4 Ng4
11. Bxe7 Qxe7 12. Nd5 Qg5+ 13. f4 Qd8 14. h3 Nf6 15. Nxf6+ Qxf6 16. Qxf6 gxf6 17. g4 Be6 18. Bd5 c6 19. Bxe6 fxe6 20. Rxd6 Rfe8
21. Rd7 Rab8 22. Rhd1 e5 23. f5 a5 24. c3 Rf8 25. Kc2 Rf7 26. Rxf7 Kxf7 27. Rd7+ Kg8 28. Kd3 b5 29. Rd6 c5 30. Rxf6 c4+
31. Kc2
1-0

[Event "THE FAST & FURIOUS #3"]
[Site "SchemingMind.com"]
[Date "2015.04.12"]
[Round "-"]
[White "Stephen Woodhouse"]
[Black "Ramesh Panwar"]
[Result "0-1"]
[WhiteCountry "ENG"]
[BlackCountry "IND"]
[WhiteElo "1873"]
[WhiteRD "50"]
[BlackElo "2342"]
[BlackRD "55"]
[GameID "378400"]

1. e4 c5 2. c3 d5 3. exd5 Qxd5 4. d4 Nc6 5. Nf3 Nf6 6. Be3 Bg4 7. Be2 e6 8. dxc5 Rd8 9. Qxd5 Nxd5 10. Bg5 f6
11. Bh4 Nf4 12. Bg3 Nxe2 13. Kxe2 Bxc5 14. Nd2 Bf5 15. Nb3 Bd3+ 16. Ke1 Bb6 17. Rd1 Kf7 18. Nc1 Be4 19. Ke2 Bd5 20. b3 e5
21. c4 Bxf3+ 22. Kxf3 Nd4+ 23. Kg4 h5+ 24. Kh3 g5 25. f3 g4+ 26. Kh4 Nf5#
0-1

[Event "THE FAST & FURIOUS #3"]
[Site "SchemingMind.com"]
[Date "2015.04.12"]
[Round "-"]
[White "Ramesh Panwar"]
[Black "Stephen Woodhouse"]
[Result "1-0"]
[WhiteCountry "IND"]
[BlackCountry "ENG"]
[WhiteElo "2342"]
[WhiteRD "55"]
[BlackElo "1873"]
[BlackRD "50"]
[GameID "378401"]

1. g3 e6 2. Bg2 d5 3. Nf3 c5 4. O-O Nc6 5. d4 Nf6 6. c4 dxc4 7. dxc5 Qxd1 8. Rxd1 Bxc5 9. Nbd2 Bd7 10. Nxc4 Ke7
11. Nfe5 Rhd8 12. Nd3 Bb6 13. Nxb6 axb6 14. Be3 b5 15. Bb6 Rdc8 16. Nc5 Be8 17. Nxb7 Nd7 18. Be3 f6 19. Nd6 Rc7 20. Nxb5
1-0

[Event "THE FAST & FURIOUS #3"]
[Site "SchemingMind.com"]
[Date "2015.04.13"]
[Round "-"]
[White "emvarela"]
[Black "Scooter"]
[Result "1-0"]
[WhiteCountry "ARG"]
[BlackCountry "USA"]
[WhiteElo "1695"]
[WhiteRD "49"]
[BlackElo "1726"]
[BlackRD "46"]
[GameID "378464"]

1. c4 Nf6 2. d4 g6 3. Nc3 Bg7 4. e4 d6 5. Nf3 Bg4 6. Be2 Nbd7 7. h3 Bxf3 8. Bxf3 O-O 9. O-O e5 10. d5 Rc8
11. Bg5 h6 12. Bxf6 Bxf6 13. b4 Nb6 14. Qe2 c5 15. b5 Na8 16. Bg4 Rb8 17. a4 b6 18. Nd1 Nc7 19. f4 exf4 20. Ra3 Be5
21. Nf2 Bd4 22. Kh2 Qh4 23. Bf3 h5 24. Nh1 Ne8 25. g3 fxg3+ 26. Nxg3 Be5 27. Bg2 Nf6 28. Qd3 Nxe4 29. Bxe4 f5 30. Bxf5 Rxf5
31. Rxf5 gxf5 32. Qxf5 Rf8 33. Qe6+ Kg7 34. Kg2 Rf6 35. Nf5+ Rxf5 36. Qxf5 Qxc4 37. Qg5+ Kh7 38. Qxh5+ Kg8 39. Qg4+ Qxg4+ 40. hxg4 Kg7
41. a5 c4 42. axb6 axb6 43. Kf3 Bb2 44. Ra7+ Kg6 45. Rc7 c3 46. Rc6 Kg5 47. Rc4 Kf6 48. Ke4 Kg5 49. Kd3 Kf6 50. Rc6 Kg5
51. Rxb6
1-0

[Event "THE FAST & FURIOUS #3"]
[Site "SchemingMind.com"]
[Date "2015.04.18"]
[Round "-"]
[White "Scooter"]
[Black "emvarela"]
[Result "1-0"]
[WhiteCountry "USA"]
[BlackCountry "ARG"]
[WhiteElo "1726"]
[WhiteRD "46"]
[BlackElo "1695"]
[BlackRD "49"]
[GameID "378465"]

1. d4 Nf6 2. Nf3 d5 3. Bf4 e6 4. e3 Bd6 5. Bxd6 Qxd6 6. c3 O-O 7. Be2 Bd7 8. O-O c5 9. Nbd2 cxd4 10. cxd4 Nc6
11. a3 a6 12. Rc1 Rac8 13. b4 e5 14. Nb3 exd4 15. Nfxd4 Nxd4 16. Qxd4 Rxc1 17. Rxc1 Rc8 18. Rxc8+ Bxc8 19. Nc5 Qc6 20. h3 Be6
21. Qe5 Nd7 22. Nxd7 Qxd7 23. Bf3 f6 24. Qd4 Qc6 25. Qd2 Kf7 26. Kf1 b5= 27. Ke1 Qc4 28. Be2 Qe4 29. Bf3 Qb1+ 30. Ke2 Qb3
31. Qd3 Qxd3+ 32. Kxd3 Ke7 33. Kd4 Kd6 34. e4 dxe4 35. Bxe4 f5 36. Bb7 g6 37. Bxa6 Bd5 38. f3 Bc6 39. h4 h6 40. f4 Bd7
41. Bb7 Be6 42. Bf3 Bd7 43. h5 gxh5 44. Bxh5 Ke6 45. Kc5 Ke7 46. Be2
1-0

[Event "THE FAST & FURIOUS #3"]
[Site "SchemingMind.com"]
[Date "2015.04.13"]
[Round "-"]
[White "Scooter"]
[Black "Stephen Woodhouse"]
[Result "0-1"]
[WhiteCountry "USA"]
[BlackCountry "ENG"]
[WhiteElo "1713"]
[WhiteRD "44"]
[BlackElo "1873"]
[BlackRD "50"]
[GameID "378468"]

1. d4 e6 2. Nf3 d5 3. Bf4 Bd6 4. Bxd6 Qxd6 5. c3 Nf6 6. e3 c5 7. Bb5+ Bd7 8. Bxd7+ Nbxd7 9. Nbd2 O-O 10. O-O cxd4
11. cxd4 Rac8 12. Rc1 Nb6 13. b3 Rxc1 14. Qxc1 Rc8 15. Qb2 Qc7 16. Rb1 Qc2 17. Qxc2 Rxc2 18. h3 Kf8 19. Kf1 Ke7 20. Ke1 Rxa2
21. Rc1 Ne8 22. Kd1 Ra6 23. b4 Nd7 24. b5 Rb6 25. Rb1 Nd6 26. Ng5 Rxb5 27. Rxb5 Nxb5 28. Nxh7 f6 29. g4 Kf7
0-1

[Event "THE FAST & FURIOUS #3"]
[Site "SchemingMind.com"]
[Date "2015.04.13"]
[Round "-"]
[White "Stephen Woodhouse"]
[Black "Scooter"]
[Result "1-0"]
[WhiteCountry "ENG"]
[BlackCountry "USA"]
[WhiteElo "1873"]
[WhiteRD "50"]
[BlackElo "1713"]
[BlackRD "44"]
[GameID "378469"]

1. e4 c6 2. d4 d5 3. exd5 cxd5 4. c4 Nf6 5. Nc3 e6 6. Nf3 Be7 7. cxd5 Nxd5 8. Bc4 Nxc3 9. bxc3 O-O 10. O-O a6
11. Re1 b5 12. Bd3 h6 13. Qe2 Bb7 14. Bf4 Bd6 15. Bxd6 Qxd6 16. Ne5 Nd7 17. a4 bxa4 18. Rxa4 Rfd8 19. f4 Nxe5 20. fxe5 Qc6
21. Ra3 Kf8 22. Be4 Qc7 23. Rea1 Bxe4 24. Qxe4 Kg8 25. Qd3 Qxe5 26. Qf3 Qb5 27. Rf1 Qd7 28. Rfa1 Qd5 29. Qxd5 Rxd5 30. Rxa6 Rxa6
31. Rxa6 e5 32. dxe5 Rxe5 33. Ra8+ Kh7 34. Ra1 Rc5 35. Rc1 f5 36. Kf2 g5 37. c4 Kg6 38. Ke3 Kf6 39. Kd4 Rc8 40. c5 h5
41. c6 f4 42. c7 Kf5 43. h3 g4 44. Rc5+ Kg6 45. h4 Kf6 46. Ke4 Ke6 47. Kxf4 Kd6 48. Rc2 Ke6 49. Kg5 Ke5 50. Kxh5 Kf5
51. Rc5+ Kf4 52. Rc2 Kf5 53. Rf2+ Ke4 54. Kxg4 Rg8+ 55. Kh5
1-0

[Event "THE FAST & FURIOUS #3"]
[Site "SchemingMind.com"]
[Date "2015.04.13"]
[Round "-"]
[White "Scooter"]
[Black "Ramesh Panwar"]
[Result "0-1"]
[WhiteCountry "USA"]
[BlackCountry "IND"]
[WhiteElo "1713"]
[WhiteRD "44"]
[BlackElo "2342"]
[BlackRD "55"]
[GameID "378472"]

1. d4 Nf6 2. Nf3 d5 3. Bf4 Nc6 4. e3 Bg4 5. Be2 Nh5 6. Ne5 Nxf4 7. Bxg4 Nxg2+ 8. Kf1 Nxe5 9. dxe5 Nh4 10. Nd2 e6
11. Nf3 h5 12. Nxh4 hxg4 13. Ng2 Qg5 14. Qd4 Qf5 15. c3 g3 16. Qf4 Qc2
0-1

[Event "THE FAST & FURIOUS #3"]
[Site "SchemingMind.com"]
[Date "2015.04.13"]
[Round "-"]
[White "Ramesh Panwar"]
[Black "Scooter"]
[Result "1-0"]
[WhiteCountry "IND"]
[BlackCountry "USA"]
[WhiteElo "2342"]
[WhiteRD "55"]
[BlackElo "1713"]
[BlackRD "44"]
[GameID "378473"]

1. d4 Nf6 2. c4 g6 3. Nc3 Bg7 4. e4 d6 5. Nf3 Bg4 6. Be2 O-O 7. Be3 Bxf3 8. Bxf3 e5 9. d5 Nbd7 10. O-O a6
11. b3 Re8 12. Be2 Nc5 13. Qc2 c6 14. b4 Ncd7 15. dxc6 bxc6 16. Rfd1 Bf8 17. Qd2 Qc7 18. Rab1 Rab8 19. a3 Rb7 20. g4 Kh8
21. b5 cxb5 22. g5 Ng8 23. cxb5 axb5 24. Nxb5 Qb8 25. a4 Nc5 26. a5 Nxe4 27. Qd5 f5 28. a6 Rd7 29. Nxd6 Qxd6 30. Qb5
1-0

[Event "THE FAST & FURIOUS #3"]
[Site "SchemingMind.com"]
[Date "2015.04.19"]
[Round "-"]
[White "capablanca"]
[Black "emvarela"]
[Result "1/2-1/2"]
[WhiteCountry "GER"]
[BlackCountry "ARG"]
[WhiteElo "1740"]
[WhiteRD "61"]
[BlackElo "1695"]
[BlackRD "49"]
[GameID "378523"]

1. d4 Nf6 2. Nf3 d5 3. Nc3 Nc6 4. Bf4 e6 5. a3 Bd6 6. Bxd6 Qxd6 7. e3 O-O 8. Be2 Bd7 9. Nb5 Qe7 10. Nxc7 Rac8
11. Nb5 a6 12. Nc3 b5 13. Bd3 h6 14. O-O e5 15. dxe5 Nxe5 16. Nxe5 Qxe5 17. Qc1 Ng4 18. g3 d4 19. exd4 Qxd4 20. Ne4 Bc6
21. Qf4 Nf6 22. Nxf6+ Qxf6 23. Qxf6 gxf6 24. Rfe1 Rfe8 25. Bf5 Rxe1+ 26. Rxe1 Rd8 27. Be4 Bxe4 28. Rxe4 Rd1+ 29. Kg2 Rd2 30. c4 Rxb2
31. cxb5 Rxb5 32. a4 Re5 33. Kf3 Ra5 34. h4 f5 35. Rc4 Kg7 36. Kf4 Kg6 37. Rb4=
1/2-1/2

[Event "THE FAST & FURIOUS #3"]
[Site "SchemingMind.com"]
[Date "2015.04.19"]
[Round "-"]
[White "emvarela"]
[Black "capablanca"]
[Result "1-0"]
[WhiteCountry "ARG"]
[BlackCountry "GER"]
[WhiteElo "1673"]
[WhiteRD "49"]
[BlackElo "1720"]
[BlackRD "64"]
[GameID "378524"]

1. e4 c5 2. Nf3 d6 3. d4 cxd4 4. Nxd4 g6 5. Nc3 Bg7 6. Be3 Nf6 7. f3 O-O 8. Qd2 a6 9. O-O-O b5 10. Nb3 Qc7
11. g4 Bb7 12. h4 Nc6 13. h5 b4 14. Nd5 a5 15. Nxc7
1-0

[Event "THE FAST & FURIOUS #3"]
[Site "SchemingMind.com"]
[Date "2015.04.15"]
[Round "-"]
[White "capablanca"]
[Black "Scooter"]
[Result "1/2-1/2"]
[WhiteCountry "GER"]
[BlackCountry "USA"]
[WhiteElo "1720"]
[WhiteRD "64"]
[BlackElo "1716"]
[BlackRD "45"]
[GameID "378527"]

1. d4 Nf6 2. c4 g6 3. Nc3 Bg7 4. g3 O-O 5. Bg2 c6 6. Nf3 d5 7. cxd5 cxd5 8. O-O e6 9. Bg5 Nbd7 10. Rc1 a6
11. Ne5 h6 12. Nxd7 Bxd7 13. Bd2 Rc8 14. e3 b5 15. Ne2 Rxc1 16. Qxc1 Qc8 17. Ba5 Qxc1 18. Rxc1 Rc8 19. Rxc8+ Bxc8 20. f3 Bf8
21. Kf2 Nd7 22. Nf4 Nb8 23. Nd3= Nc6 24. Bc7 Nb4 25. Nxb4 Bxb4 26. Bf1 Kf8 27. Bd3 Ke7 28. a3 Bd6 29. Bxd6+ Kxd6 30. b4 f5
31. f4 h5=
1/2-1/2

[Event "THE FAST & FURIOUS #3"]
[Site "SchemingMind.com"]
[Date "2015.04.15"]
[Round "-"]
[White "Scooter"]
[Black "capablanca"]
[Result "0-1"]
[WhiteCountry "USA"]
[BlackCountry "GER"]
[WhiteElo "1713"]
[WhiteRD "44"]
[BlackElo "1734"]
[BlackRD "65"]
[GameID "378528"]

1. d4 d5 2. Nf3 Nf6 3. Bf4 Bf5 4. e3 e6 5. Bd3 Bg6 6. Bxg6 hxg6 7. O-O Nc6 8. Nbd2 Nh5 9. a3 Nxf4 10. exf4 Bd6
11. Ne5 Nxd4 12. Re1 Qh4 13. Ndf3 Nxf3+ 14. Nxf3 Qxf4 15. Qd4 Qxd4 16. Nxd4 Bxh2+ 17. Kf1 Be5 18. Rxe5 Rh1+
0-1

[Event "THE FAST & FURIOUS #3"]
[Site "SchemingMind.com"]
[Date "2015.04.15"]
[Round "-"]
[White "capablanca"]
[Black "Stephen Woodhouse"]
[Result "0-1"]
[WhiteCountry "GER"]
[BlackCountry "ENG"]
[WhiteElo "1734"]
[WhiteRD "65"]
[BlackElo "1873"]
[BlackRD "50"]
[GameID "378529"]

1. d4 e6 2. c4 d5 3. Nc3 c5 4. cxd5 exd5 5. dxc5 d4 6. Ne4 Bf5 7. Ng3 Bg6 8. Nf3 Bxc5 9. Ne5 Nf6 10. Nxg6 hxg6
11. Bg5 Nc6 12. Ne4 Be7 13. Nxf6+ Bxf6 14. Bxf6 Qxf6 15. g3 O-O-O 16. Rc1 Rhe8 17. Bg2 d3 18. O-O dxe2 19. Bh3+ Kb8 20. Qb3 exf1=Q+
21. Bxf1 Nd4 22. Qb4 Ne2+ 23. Bxe2 Rxe2 24. Qc5 Qc6 25. Qg5 Qd6
0-1

[Event "THE FAST & FURIOUS #3"]
[Site "SchemingMind.com"]
[Date "2015.04.15"]
[Round "-"]
[White "Stephen Woodhouse"]
[Black "capablanca"]
[Result "1-0"]
[WhiteCountry "ENG"]
[BlackCountry "GER"]
[WhiteElo "1873"]
[WhiteRD "50"]
[BlackElo "1734"]
[BlackRD "65"]
[GameID "378530"]

1. e4 c5 2. c3 d6 3. d4 cxd4 4. cxd4 Nf6 5. Nc3 g6 6. f4 Bg7 7. Nf3 O-O 8. Bd3 Bg4 9. O-O Nc6 10. Be3 Nb4
11. Be2 Bd7 12. a3 Nc6 13. Qd2 a6 14. e5 dxe5 15. dxe5 Ng4 16. h3 Nxe3 17. Qxe3 e6 18. Rfd1 Qc7 19. Nd4 Nxd4 20. Rxd4 Rfe8
21. Rad1 Bc6 22. Bf3 Rad8 23. Bxc6 Rxd4 24. Bxe8
1-0

[Event "THE FAST & FURIOUS #3"]
[Site "SchemingMind.com"]
[Date "2015.04.15"]
[Round "-"]
[White "capablanca"]
[Black "Ramesh Panwar"]
[Result "0-1"]
[WhiteCountry "GER"]
[BlackCountry "IND"]
[WhiteElo "1734"]
[WhiteRD "65"]
[BlackElo "2342"]
[BlackRD "55"]
[GameID "378533"]

1. d4 Nf6 2. c4 g6 3. Nc3 Bg7 4. g3 d5 5. cxd5 Nxd5 6. Bg2 Nxc3 7. bxc3 O-O 8. Nf3 c5 9. O-O Nc6 10. d5 Na5
11. Bb2 e6 12. dxe6 Bxe6 13. Qxd8 Raxd8 14. Rfd1 Nc4 15. Rab1 Rxd1+
0-1

[Event "THE FAST & FURIOUS #3"]
[Site "SchemingMind.com"]
[Date "2015.04.15"]
[Round "-"]
[White "Ramesh Panwar"]
[Black "capablanca"]
[Result "1-0"]
[WhiteCountry "IND"]
[BlackCountry "GER"]
[WhiteElo "2342"]
[WhiteRD "55"]
[BlackElo "1734"]
[BlackRD "65"]
[GameID "378534"]

1. g3 d5 2. Nf3 Nf6 3. Bg2 g6 4. O-O Bg7 5. c4 dxc4 6. Na3 Nc6 7. Nxc4 O-O 8. d4 Bg4 9. Nce5 Nxe5 10. Nxe5 c6
11. Nxg4 Nxg4 12. e4 Nf6 13. Be3 e6 14. Re1 Nd7 15. d5 exd5 16. exd5 Bxb2 17. Rb1 Bc3 18. dxc6 Bxe1 19. cxb7
1-0